Priemysel 4.0 a Slovensko: ako sa udržať medzi elitou zahraničné investície prinášajú ovocie; SR stojí v produktivite vysoko

Rozhovor s profesorom Mikulášom Luptáčikom, odborníkom v oblasti matematickej ekonómie, dekanom Národohospodárskej fakulty Ekonomickej univerzity v Bratislave.

Guardado en:
Detalles Bibliográficos
Autor principal: Luptáčik, Mikuláš
Formato: Capítulo de libro
Lenguaje:eslovaco
Materias:
Etiquetas: Agregar Etiqueta
Sin Etiquetas, Sea el primero en etiquetar este registro!

MARC

LEADER 00000naa a2200000 4500
001 0216069
005 20240502073612.9
041 0 |a slo 
044 |a SK 
245 1 0 |a Priemysel 4.0 a Slovensko: ako sa udržať medzi elitou  |b zahraničné investície prinášajú ovocie; SR stojí v produktivite vysoko  |c Mikuláš Luptáčik 
500 |a Spracovala redakcia 
520 |a Rozhovor s profesorom Mikulášom Luptáčikom, odborníkom v oblasti matematickej ekonómie, dekanom Národohospodárskej fakulty Ekonomickej univerzity v Bratislave. 
610 2 0 |a rozhovor 
610 2 0 |a hodnosti vedecko-pedagogické 
610 2 0 |a univerzity 
610 2 0 |a hospodárstvo národné 
610 2 0 |a politika priemyselná 
610 2 0 |a technológie nové 
610 2 0 |a investície 
610 2 0 |a Slovensko 
100 1 |a Luptáčik, Mikuláš